Call of the Vedas (Record no. 181125)

MARC details
000 -LEADER
fixed length control field 00375nam a2200157Ia 4500
008 - FIXED-LENGTH DATA ELEMENTS--GENERAL INFORMATION
fixed length control field 230917s9999||||xx |||||||||||||| ||und||
040 ## - CATALOGING SOURCE
-- 57383
Original cataloging agency VIVEKANANDA LIBRARY
041 ## - Language
-- English
082 ## - DDC NUMBER
Classification number 294.1 B651C
100 ## - MAIN ENTRY--PERSONAL NAME
Personal name Bose, Abinash Chandra
245 #0 - TITLE STATEMENT
Title Call of the Vedas
250 ## - EDITION STATEMENT
Edition statement 3rd. ed.
260 ## - PUBLICATION, DISTRIBUTION, ETC. (IMPRINT)
Place of publication, distribution, etc Bombay
Name of publisher, distributor, etc Bharatiya
Date of publication, distribution, etc 1970
300 ## - PHYSICAL DESCRIPTION
Pages viii, 318 p.
942 ## - ADDED ENTRY ELEMENTS (KOHA)
Koha item type Books
Holdings
Withdrawn status Lost status Damaged status Not for loan Location (home branch) Sublocation or collection (holding branch) Date acquired Koha issues (times borrowed) Koha full call number Accession No. Koha date last seen Koha item type
        VIVEKANANDA LIBRARY VIVEKANANDA LIBRARY 24/12/2002   294.1 B651C 35778 17/09/2023 Books
© Designed and Maintained by Vivekananda Library, MDU Rohtak